000 00668nam a2200193Ia 4500
003 GCL
008 140319s9999 xx 000 0 ara d
040 _aGCL /
_cGCL
082 0 4 _a364.1524
_bم ا
100 1 _aمحمد كامل العروسى
245 1 0 _aاشهر قضايا للاغتيالات السياسية (وثائق اشهر قضايا مصر من سنة 1906 الى 1982) /
_cمحمد كامل العروسى
260 _a[S.N] :
_bالزهراء للاعلام العربى ،
_c1989
300 _a653 ص
490 _a
650 0 4 _aالاغتيال
650 0 4 _aالسياسة
650 0 4 _aالجرائم السياسية
942 _2ddc
_cBK
999 _c36450
_d36450